00538nam a2200193Ii 450000100060000000300090000600800410001502000150005604000330007104100080010408200170011210000230012924500570015226400420020930000120025133600260026333700280028933800270031711690CO-ViMGA241108s9999||||xx |||||||||||||| ||und|| a847114283X aCO-ViMGAbspaerdacCO-ViMGA0 aspa04a133.323 P6431 aJosé Maria Pilon10aRadiestesia:bComo manejar el péndulo y la varilla 1aMadrid, España : Mundi-prensa, 1996 avolumen atextbtxt2rdacontent aunmediatedbn2rdamedia avolumebnc2rdacarrier